000 01347cas a2200397 a 4500
001 13233756
005 20180227082754.0
008 030611c19889999mduhr 0 0eng c
010 _a 2004201824
_z 94187940
_z 98117835
_z 00028749
_z 2002044937
035 _a(OCoLC)ocm42442769
037 _bNational Association of Social Workers, 750 First Street, NE, Suite 700, Washington, DC 20002-4241
040 _aXII
_beng
_cXII
_dDLC
_dIUL
_dOCLCQ
_dOCLCF
_dYDXCP
041 _aeng
042 _apcc
043 _an-us---
080 _a316 TER
082 _2316 TER
100 _a49
101 _aSOC
245 1 0 _aSocial work speaks :
246 3 0 _aNASW policy statements
310 _aTriennial
362 1 _aBegan in 1988?
515 _aDesignated by date, <1988>-1991; by ed. and date, 3rd ed. (1994)-
648 7 _aSince 1993
_2fast
906 _a7
_bcbc
_cserials
_d2
_encip
_f20
_gn-oclcserc
942 _2ddc
_cBK
999 _c43628
_d43628